000 01763nam a2200301Ia 4500
999 _c38499
_d38499
001 4512
003 GE_BSU
005 20191022142332.0
008 181216s2011||||ru |||||||||||||| ||rus||
020 _a19875827
040 _cGE_BSU
041 _arus
080 _a378.4(479.223) И-66
245 _b N 2. Сборник материалов научных конференции = Innovative Aspects of Study of the Black Sea Countries Culture, History, Anthropology, Literature and Linguistics /
_aИнновационные аспекты исследования культуры, истории, антропологии, литературы и лингвистики стран Черноморского бассейна
_cГлавные редакторы: Марине Арошидзе и Манучар Лория.
264 _a Батуми -Благоевград:
_bГос. университет Ш. Руставели,
_c2011.
300 _a399 cтр. ;
_b20 см.
500 _aგარე ყდა ინგლ. ენ.
501 _aტექსტ. რუს და ინგ. ენ.
653 _aანთროპოლოგია
653 _aლიტერატურა
653 _aენათმეცნიერება
653 _aლინგვისტიკა
700 _aАрошидзе, Марине
_eრედაქტორი
_94902
700 _aЛория, Манучар
_eრედაქტორი
_94903
710 _aБатумский Гос. Университет Ш. Руставели.
_bФакультет гуманитарных наук ;
_94904
711 _aЮгозападный Университет им. Неофита Рыльского;
_94907
942 _cBK
_2udc